000 00859nam a2200277Ia 4500
001 18246
003 GE_BSU
008 181216s||||||||xx |||||||||||||| ||und||
020 _a9780702052514
040 _cGE_BSU
080 _a611(084.4)
245 _aSobotta:Atlas of Human Anatomy:General Anatomy and Musculoskeletal System
245 _cEdited by:F.Paulsen,and J.Waschke.Translated by:T. Klonisch and S.Hombach- Klonisch
250 _a15 th edition
260 _aMunchen
260 _bElsevier
260 _c2011
300 _a399pages,ill,col,32cm.
300 _b597 Colored Plates with 700 Figures
300 _e+English Nomenclature
541 _h177gel.
653 _aAtlas of Human Anatomy
653 _aადამიანის ანატომიის ატლასი
653 _aმედიცინა
942 _cBK
999 _c51282
_d51282